000 00761nam a2200229 a 4500
999 _c10176
_d10176
001 10176
003 BD-JhCC
005 20180418195344.0
008 180418s1975 ii |||| |||| 000 0 ben d
035 _a(BD-JhCC)10176
040 _aBD-JhCC
_dBD-JhCC
041 _aben
082 _a784
_bTAG 1975
100 _aঠাকুর, রবীন্দ্রনাথ
245 _aনৃত্যনাট্য চিত্রাঙ্গাদা /
_cরবীন্দ্রনাথ ঠাকুর,
260 _aকলকাতা :
_bবিশ্বভারতী গ্রন্থনবিভাগ,
_c1975.
300 _a121 P. :
_c24 cm.
490 _aস্বরবিতান ১৭
650 _aMusic
942 _2ddc
_cBK